Music Quiz

Random Music or Song Quiz

Jon Foreman Songs Quiz Stats

 Plays Quiz not verified by Sporcle

Challenge
Share
Tweet
Embed
Score 0/26 Timer 05:00
0 Plays Today
% Correct
Somebody's Baby
94.1%
March (Prelude To Spring)
88.2%
Your Love is Strong
88.2%
The Cure For Pain
82.4%
Southbound Train
82.4%
White As Snow
82.4%
In Love
76.5%
Baptize My Mind
76.5%
Revenge
76.5%
A Mirror is Harder to Hold
76.5%
My Love Goes Free
70.6%
Learning How To Die
70.6%
Love Isn't Made
70.6%
% Correct
The House of God Forever
70.6%
Equally Skilled
64.7%
The Moon is a Magnet
64.7%
Behind Your Eyes
64.7%
In My Arms
64.7%
Instead of Show
64.7%
Ressurect Me
58.8%
Lord, Save Me From Myself
52.9%
I Am Still Running
52.9%
Deep In Your Eyes
52.9%
Again
47.1%
Broken From the Start
47.1%
Over the River
47.1%

You're not logged in!

Compare scores with friends on all Sporcle quizzes.
Join for Free
OR
Log In

You Might Also Like...

Show Comments

Extras

Created Dec 12, 2009SourceReportNominate
Tags:Song Quiz, foreman, jon

Top Quizzes Today


Score Distribution

Your Account Isn't Verified!

In order to create a playlist on Sporcle, you need to verify the email address you used during registration. Go to your Sporcle Settings to finish the process.

Report this User

Report this user for behavior that violates our Community Guidelines.

Details: